| 000 -LEADER |
| fixed length control field |
01273 a2200265 4500 |
| 003 - CONTROL NUMBER IDENTIFIER |
| control field |
Nust |
| 005 - DATE AND TIME OF LATEST TRANSACTION |
| control field |
20221219112233.0 |
| 010 ## - LIBRARY OF CONGRESS CONTROL NUMBER |
| LC control number |
2004060617 |
| 020 ## - INTERNATIONAL STANDARD BOOK NUMBER |
| International Standard Book Number |
0471712337 |
| 040 ## - CATALOGING SOURCE |
| Transcribing agency |
Nust |
| 082 00 - DEWEY DECIMAL CLASSIFICATION NUMBER |
| Classification number |
621.38275,SAC |
| 100 1# - MAIN ENTRY--PERSONAL NAME |
| Personal name |
Sackinger, Eduard, |
| 9 (RLIN) |
58921 |
| 245 10 - TITLE STATEMENT |
| Title |
Broadband circuits for optical fiber communication / |
| Statement of responsibility, etc. |
Eduard Sackinger. |
| 260 ## - PUBLICATION, DISTRIBUTION, ETC. |
| Place of publication, distribution, etc. |
Hoboken, N.J. : |
| Name of publisher, distributor, etc. |
Wiley, |
| Date of publication, distribution, etc. |
c2005. |
| 300 ## - PHYSICAL DESCRIPTION |
| Extent |
xv, 436 p. : |
| Other physical details |
ill. ; |
| Dimensions |
25 cm. |
| 505 ## - FORMATTED CONTENTS NOTE |
| Formatted contents note |
Introduction (Page-1), Optical Fiber (Page-11), Photodetectors (Page-25), Receiver Fundamentals (Page-45), Transimpedance Amplifiers (Page-105), Main Amplifiers (Page-159), Optical Transmitters (Page-233), Laser and Modulator Drivers (Page-259). |
| 650 #0 - SUBJECT ADDED ENTRY--TOPICAL TERM |
| Topical term or geographic name entry element |
Broadband amplifiers. |
| 9 (RLIN) |
105183 |
| 650 #0 - SUBJECT ADDED ENTRY--TOPICAL TERM |
| Topical term or geographic name entry element |
Integrated circuits, Very large scale integration. |
| 9 (RLIN) |
668 |
| 650 #0 - SUBJECT ADDED ENTRY--TOPICAL TERM |
| Topical term or geographic name entry element |
Optical communications. |
| General subdivision |
Equipment and supplies. |
| 9 (RLIN) |
103407 |
| 650 #0 - SUBJECT ADDED ENTRY--TOPICAL TERM |
| Topical term or geographic name entry element |
Telecommunication Engineering |
| 856 41 - ELECTRONIC LOCATION AND ACCESS |
| Materials specified |
Contributor biographical information |
| Uniform Resource Identifier |
<a href="http://www.loc.gov/catdir/enhancements/fy0618/2004060617-b.html">http://www.loc.gov/catdir/enhancements/fy0618/2004060617-b.html</a> |
| 856 41 - ELECTRONIC LOCATION AND ACCESS |
| Materials specified |
Publisher description |
| Uniform Resource Identifier |
<a href="http://www.loc.gov/catdir/enhancements/fy0618/2004060617-d.html">http://www.loc.gov/catdir/enhancements/fy0618/2004060617-d.html</a> |
| 856 41 - ELECTRONIC LOCATION AND ACCESS |
| Materials specified |
Table of contents only |
| Uniform Resource Identifier |
<a href="http://www.loc.gov/catdir/toc/wiley051/2004060617.html">http://www.loc.gov/catdir/toc/wiley051/2004060617.html</a> |
| 942 ## - ADDED ENTRY ELEMENTS (KOHA) |
| Source of classification or shelving scheme |
|
| Koha item type |
Book |